Introducción a la organización escolar: elementos de metodología del ramo
Uloženo v:
| Hlavní autor: | |
|---|---|
| Médium: | Kniha |
| Jazyk: | španělština |
| Vydáno: |
Antofagasta
Imprentas Unidas
1959
|
| Témata: | |
| Tagy: |
Přidat tag
Žádné tagy, Buďte první, kdo vytvoří štítek k tomuto záznamu!
|
MARC
| LEADER | 00000nam a2200000 a 4500 | ||
|---|---|---|---|
| 001 | UCQ5920 | ||
| 003 | CL-VaPUC | ||
| 008 | 981009e19590000CL |||||||||||||||||spa|d | ||
| 082 | 0 | 4 | |a 371.2 |b CAR |2 21 |
| 100 | 0 | |a Cardenas Dupry, Raúl |e author |9 419904 | |
| 245 | 1 | 0 | |a Introducción a la organización escolar: elementos de metodología del ramo |
| 300 | |a 241 p | ||
| 942 | |c BK | ||
| 945 | |d 19981009 00:00:00 |a mvenant | ||
| 260 | |a Antofagasta |b Imprentas Unidas |c 1959 | ||
| 650 | 0 | |a Administración de la enseñanza |9 261034 | |
| 650 | 0 | |a Gestión educacional |9 261035 | |
| 650 | 0 | |a Planificación de la educación |9 307333 | |
| 651 | 7 | |a CHILE |2 CL-VaPUC |9 419905 | |
| 583 | |a last modification |c 20170427 01:11:38 |k Rodrigo Vera | ||
| 999 | |c 275995 |d 275993 | ||
| 952 | |0 0 |1 0 |4 0 |6 371_200000000000000_CAR_1959 |7 0 |8 P |9 313079 |a BIBEDU |b BIBEDU |c BIBEDU_PB |d 2019-11-20 |i 3469344 |o 371.2 CAR 1959 |p 3469344 |r 2024-01-25 |w 2019-11-20 |y BK |k BME | ||